000 00495 a2200229 4500
260 _aParis
630 _a657 - Comptabilité
037 _b1, Achat
650 _a6 - SCIENCES APPLIQUEES
100 _aKlotz, Gérard
260 _bArmand Colin
245 _ala comptabilité nationale
300 _a175 p.
650 _aComptabilité nationale
260 _c1990
300 _b21cm
100 _lFr
037 _aDE 6461
020 _a2-200-33045-6
999 _c42104
_d42104